Statistics for Providence Basketball: Top 10 All-Time Leaders

Click here to take the quiz!

General Stats

  • This quiz has been taken 23 times
    (1 since last reset)
  • The average score is 47 of 90

Answer Stats

Category#PlayerAmount% Correct
Rebounds10Alpha Diallo833
100%
GamesT6Alpha Diallo130
100%
Assists5Billy Donovan546
100%
Points5Bryce Cotton1,975
100%
Three Pointers Made2Bryce Cotton266
100%
GamesT6Bryce Cotton130
100%
Three Pointers Made1Donnie McGrath274
100%
Assists2Ernie DiGregorio662
100%
Points Per Game3Ernie DiGregorio20.5
100%
Points10Ernie DiGregorio1,760
100%
Blocks2Herbert Hill189
100%
Field Goal Percent1Herbert Hill61.4%
100%
Points6Jamel Thomas1,971
100%
Three Pointers Made5Jamel Thomas201
100%
GamesT9Jamel Thomas124
100%
Points Per Game7James Egan17.9
100%
Points Per Game1Jimmy Walker25.2
100%
Points3Jimmy Walker2,045
100%
GamesT9Joe Hassett124
100%
Points8Joe Hassett1,828
100%
Points Per Game6Kevin Stacom18.1
100%
Field Goal Percent6Kevin Stacom52.7%
100%
Assists4Kris Dunn552
100%
Steals4Kris Dunn208
100%
Assists3Kyron Cartwright646
100%
Games2Kyron Cartwright136
100%
Three Pointers Made7LaDontae Henton187
100%
Games3LaDontae Henton135
100%
Points2LaDontae Henton2,059
100%
Rebounds5LaDontae Henton1,054
100%
Three Pointers Made10Marshon Brooks158
100%
Points Per Game2Marvin Barnes20.7
100%
Rebounds1Marvin Barnes1,592
100%
Points7Marvin Barnes1,839
100%
Field Goal Percent10Marvin Barnes51.5%
100%
Steals9Michael Brown174
100%
Three Pointers Made9Michael Brown167
100%
Rebounds6Michael Smith1,038
100%
Field Goal Percent4Nate Watson57.0%
100%
Games1Nate Watson155
100%
Blocks9Nate Watson115
100%
Points Per Game5Ryan Gomes18.4
100%
Field Goal Percent8Ryan Gomes51.9%
100%
Points1Ryan Gomes2,138
100%
StealsT7Ryan Gomes181
100%
Rebounds7Ryan Gomes1,028
100%
Assists1Vincent Council725
100%
Blocks10Abdul Shamsid-Deen109
0%
Three Pointers Made6A.J. Reeves191
0%
Blocks7Bilal Dixon141
0%
Field Goal Percent7Bill Eason52.3%
0%
Field Goal Percent3Bob Cooper57.3%
0%
Assists8Bob Misevicius490
0%
Rebounds8Bruce Campbell949
0%
Points9Bruce Campbell1,805
0%
Assists6Carlton Screen532
0%
Steals3Carlton Screen226
0%
Blocks4Carson Desrosiers161
0%
StealsT7Corey Wright181
0%
Games8Dickey Simpkins125
0%
Three Pointers Made8Eric Murdock169
0%
Points Per Game9Eric Murdock17.3
0%
Points4Eric Murdock2,021
0%
Assists9Eric Murdock487
0%
Steals2Eric Murdock376
0%
Rebounds4Geoff McDermott1,055
0%
Assists10Geoff McDermott478
0%
Steals6Geoff McDermott205
0%
Steals5Harold Starks207
0%
Three Pointers Made3Jalen Lindsey217
0%
Games5Jalen Lindsey131
0%
Field Goal Percent9James Hadnot51.9%
0%
Rebounds2James Hadnot1,299
0%
Points Per Game8James Hadnot17.5
0%
Steals1John Linehan385
0%
Field Goal Percent5John Thompson53.1%
0%
Points Per Game4John Thompson19.2
0%
Rebounds3John Thompson1,061
0%
Games4Kalif Young132
0%
Blocks8Karim Shabazz120
0%
Blocks1Marcus Douthit295
0%
Field Goal Percent2Otis Thorpe57.5%
0%
Rebounds9Otis Thorpe902
0%
Blocks5Randall Hanke155
0%
Blocks6Rich Hunger144
0%
Assists7Ricky Tucker518
0%
Points Per Game10Ron Jackson17.2
0%
Three Pointers Made4Sharaud Curry207
0%
Blocks3Steve Wright184
0%
Steals10Weyinmi Efejuku171
0%

Score Distribution

Percentile by Number Answered

Percent of People with Each Score

Your Score History

You have not taken this quiz since the last reset